Người thời loạn Xuân Thu Chiến Quốc /
Sách gồm một số truyện người thật việc thật xảy ra trong lịch sử Trung Quốc cổ đại, được các nhà viết sử đương thời ghi chép và các nhà nghiên cứu đời sau xác minh.
Gardado en:
| Outros autores: | |
|---|---|
| Formato: | Libro |
| Idioma: | Vietnamese |
| Publicado: |
Hà Nội :
Văn học,
2000.
|
| Những chủ đề: | |
| Các nhãn: |
Engadir etiqueta
Sen Etiquetas, Sexa o primeiro en etiquetar este rexistro!
|
| Thư viện lưu trữ: | Mạng thư viện Đại học Đà Nẵng |
|---|
| LEADER | 01142cam a2200337 i 4500 | ||
|---|---|---|---|
| 001 | 000046536 | ||
| 003 | 6034 | ||
| 005 | 20030917075952.0 | ||
| 008 | 010307b2000 vm 000 vie | ||
| 020 | |c 25000 | ||
| 040 | |a IRC |c IRC |d IRC | ||
| 041 | 0 | |a vie | |
| 082 | 1 | 4 | |a 895.101 |b Ng-T |
| 245 | 0 | 0 | |a Người thời loạn Xuân Thu Chiến Quốc / |c Trương Chính, biên soạn và giới thiệu. |
| 260 | |a Hà Nội : |b Văn học, |c 2000. | ||
| 300 | |a 275tr. ; |c 19cm. | ||
| 520 | 3 | |a Sách gồm một số truyện người thật việc thật xảy ra trong lịch sử Trung Quốc cổ đại, được các nhà viết sử đương thời ghi chép và các nhà nghiên cứu đời sau xác minh. | |
| 630 | 0 | 4 | |a Văn học Trung Quốc. |
| 630 | 0 | 4 | |a Xuân Thu chiến quốc. |
| 650 | 0 | 4 | |a Văn học Trung Quốc. |
| 700 | 1 | |a Trương Chính, |e biên soạn và giới thiệu. | |
| OWN | |a DUT | ||
| 999 | |a From the UDN01 | ||
| TYP | |a Monograph | ||
| TYP | |a Printed language | ||
| 980 | |a Mạng thư viện Đại học Đà Nẵng | ||